Analýza vplyvu hospodárskej krízy na sekciu veľkoobchodu a maloobchodu na Slovensku

Definovanie krízy a historický prehľad kríz. Klasifikácia a štruktúra SK NACE Rev. 2. Veľkoobchod a maloobchod. Analýza vplyvu krízy na vybranú sekciu hospodárstva. Vplyv krízy na HDP, zamestnanosť, mzdy, ekonomické subjekty a tržby (2008-2016).

Gespeichert in:
Bibliographische Detailangaben
1. Verfasser: Megyesiová, Silvia, 1969-
Weitere Verfasser: Rozkošová, Anna
Format: Buchkapitel
Sprache:Slowakisch
Schlagworte:
Tags: Tag hinzufügen
Keine Tags, Fügen Sie das erste Tag hinzu!

MARC

LEADER 00000nla a2200000 4500
001 0238062
005 20240502073841.7
041 0 |a slo 
044 |a SK 
245 1 0 |a Analýza vplyvu hospodárskej krízy na sekciu veľkoobchodu a maloobchodu na Slovensku  |c Silvia Megyesiová, Anna Rozkošová 
520 |a Definovanie krízy a historický prehľad kríz. Klasifikácia a štruktúra SK NACE Rev. 2. Veľkoobchod a maloobchod. Analýza vplyvu krízy na vybranú sekciu hospodárstva. Vplyv krízy na HDP, zamestnanosť, mzdy, ekonomické subjekty a tržby (2008-2016). 
610 2 0 |a kríza hospodárska 
610 2 0 |a veľkoobchod 
610 2 0 |a maloobchod 
610 2 0 |a produkt domáci hrubý 
610 2 0 |a zamestnanosť 
610 2 0 |a mzdy 
610 2 0 |a firmy 
610 2 0 |a tržby 
610 2 0 |a Slovensko 
100 1 |a Megyesiová, Silvia, 1969- 
700 1 |a Rozkošová, Anna